000 00611nam a2200205Ii 4500
003 JO-AjNU
008 230605s9999||||xx |||||||||||||| ||und||
040 _aJO-AjNU
_bara
_erda
_cJO-AjNU
041 _aara
050 1 4 _aRE46.A96 1984
100 3 _aبيدس ، اميل خليل ,
_eauthor
_918714
245 0 0 _aكن طبيب نفسك عيناك حافظ عليهما
250 _aط2
264 3 1 _aبيروت:دار الافاق ،1984
300 _a134ص
336 _atext
_btxt
_2rdacontent
337 _aunmediated
_bn
_2rdamedia
338 _avolume
_bnc
_2rdacarrier
650 4 _aالعيون
_918715
999 _aA6038
_c9606
_d9606